Statistics for Dutch Urban Regions

Click here to take the quiz!

General Stats

  • This quiz has been taken 50 times
  • The average score is 16 of 22

Answer Stats

#PopulationUrban Region% Correct
11.647.640Amsterdam
100%
31.070.292Den Haag
97%
21.179.061Rotterdam
97%
4667.049Utrecht
97%
6423.414Eindhoven
91%
7363.924Groningen
85%
20183.214Maastricht
85%
10326.764Breda
76%
9348.220Leiden
76%
18205.984's-Hertogenbosch
76%
12303.203Tilburg
76%
8363.780Arnhem
73%
15262.282Nijmegen
73%
19183.258Zwolle
70%
5424.601Haarlem
67%
21174.217Leeuwarden
67%
13290.420Amersfoort
64%
11316.323Enschede
61%
17215.291Apeldoorn
58%
14287.608Dordrecht
39%
16245.859Heerlen
39%
22147.647Sittard-Geleen
30%

Score Distribution

Percentile by Number Answered

Percent of People with Each Score

Your Score History

You have not taken this quiz